BIBLIOTECA PODER JUDICIAL
Portal Judicial TDF

Los métodos para la determinación del derecho aplicable en el DIPr dentro del Código Civil y Comercial de la Nación / (Registro nro. 5693)

000 -LEADER
fixed length control field 01573nab a22002657a 4500
003 - CONTROL NUMBER IDENTIFIER
control field OSt
005 - DATE AND TIME OF LATEST TRANSACTION
control field 20251227005252.0
008 - FIXED-LENGTH DATA ELEMENTS--GENERAL INFORMATION
fixed length control field 190603e xxum|||| |||| 00| 0 spa d
040 ## - CATALOGING SOURCE
Transcribing agency PJ
100 ## - MAIN ENTRY--PERSONAL NAME
Personal name Uzal, María Elsa
9 (RLIN) 326
245 13 - TITLE STATEMENT
Title Los métodos para la determinación del derecho aplicable en el DIPr dentro del Código Civil y Comercial de la Nación /
Statement of responsibility, etc María Elsa Uzal.
260 ## - PUBLICATION, DISTRIBUTION, ETC. (IMPRINT)
Date of publication, distribution, etc Ciudad Autónoma de Buenos Aires :
Place of publication, distribution, etc Thomson Reuters La Ley,
Name of publisher, distributor, etc 2025.
300 ## - PHYSICAL DESCRIPTION
Extent p. 312-329
500 ## - GENERAL NOTE
General note Cita: TR LALEY AR/DOC/1765/2025 <br/>Publicado en: RCCyC 2025 (agosto).
505 ## - FORMATTED CONTENTS NOTE
Formatted contents note Sumario: I. A modo de introducción: panorama metodológico del DIPr. frente al Cód. Civ. y Com.— II. Los métodos para el logro de la coherencia sistémica en el Cód. Civ. y Com.— III. El Capítulo 1 sobre "Disposiciones generales": gran articulador del método en las cuestiones del DIPr. en el Cód. Civ. y Com.— IV. La cláusula de excepción.— V. Los límites que son excepción al normal funcionamiento del sistema metodológico.
505 ## - FORMATTED CONTENTS NOTE
Title ¿Te interesa el texto completo? Solicitalo al correo: koha@justierradelfuego.gov.ar
650 #0 - SUBJECT ADDED ENTRY--TOPICAL TERM
9 (RLIN) 1497
Topical term or geographic name as entry element CODIGO CIVIL Y COMERCIAL
650 #0 - SUBJECT ADDED ENTRY--TOPICAL TERM
9 (RLIN) 327
Topical term or geographic name as entry element DERECHO INTERNACIONAL PRIVADO
650 #0 - SUBJECT ADDED ENTRY--TOPICAL TERM
9 (RLIN) 3474
Topical term or geographic name as entry element AUTONOMÍA DE LA VOLUNTAD
650 #0 - SUBJECT ADDED ENTRY--TOPICAL TERM
9 (RLIN) 720
Topical term or geographic name as entry element JURISDICCION INTERNACIONAL
650 #0 - SUBJECT ADDED ENTRY--TOPICAL TERM
Topical term or geographic name as entry element COOPERACIÓN INTERNACIONAL
650 #0 - SUBJECT ADDED ENTRY--TOPICAL TERM
9 (RLIN) 716
Topical term or geographic name as entry element ORDEN PUBLICO
773 0# - HOST ITEM ENTRY
Host Biblionumber 2713
Host Itemnumber 3170
Place, publisher, and date of publication Ciudad Autónoma de Buenos Aires : Thomson Reuters La Ley, 2015-
Title Revista Código Civil y Comercial. Nº 4 - Agosto 2025
942 ## - ADDED ENTRY ELEMENTS (KOHA)
Source of classification or shelving scheme
Koha item type Analítica Artículo de Revista

No hay ítems disponibles.

12 de Octubre 789 Ushuaia - Tel:  54(02901)441571
Horario de Atención: 8.00 a 17.00 hs. 
bibliotecaush@justierradelfuego.gov.ar
koha@justierradelfuego.gov.ar
Seguinos en nuestras redes @bibliojustdf 

Con tecnología Koha